000 00325nam a2200133Ia 4500
008 190216s9999||||xx |||||||||||||| ||und||
100 _aSimons S
245 0 _aIntroduction To The Principles Of Quantum Mechanics
250 _a1st Ed.
260 _bNull
_c1968
300 _a116
650 _aChemistry-Chemistry
942 _cBK
999 _c2404
_d2404